000
00299nam a2200121Ia 4500
008
190216s9999||||xx |||||||||||||| ||und||
100
_a
Janardhanan Pillay .cp
245
0
_a
Algebra Trigonometry And Calculus
260
_b
Ajith Book Center
300
_a
102p
650
_a
Mathematics
942
_c
BK
999
_c
30699
_d
30699